| 000 | 00527nam a22002057a 4500 | ||
|---|---|---|---|
| 003 | OSt | ||
| 005 | 20150414142837.0 | ||
| 008 | 150414b xxu||||| |||| 00| 0 eng d | ||
| 020 | _a0412644002 | ||
| 040 | _c040a | ||
| 082 |
_a551 _bPAR 1997 |
||
| 100 |
_aPark, R.G _93787 |
||
| 245 |
_aFoundations of structural geology / _cR. G Park |
||
| 250 | _a3rd. ed | ||
| 260 |
_aLondon _bChapman & hall _c1997 |
||
| 300 |
_axii, 202p ; _bcol.ill : _c10 cm |
||
| 504 | _aincludes index | ||
| 650 |
_aGeology _93788 |
||
| 942 |
_2ddc _cSLOAN |
||
| 999 |
_c1432 _d1432 |
||